Complete the Card - WWE Judgment Day 2005 - Statistics

General Stats
  • This quiz has been taken 13 times
  • The average score is 12 of 16
Answer Stats
Answer % Correct
Chavo Guerrero
100%
Eddie Guerrero
100%
John Bradshaw Layfield
100%
John Cena
100%
Kurt Angle
100%
Rey Mysterio
100%
Booker T
83%
Orlando Jordan
83%
The Big Show
83%
Charlie Haas
67%
Paul London
67%
Carlito
50%
Hardcore Holly
50%
Heidenreich
50%
Joey Mercury
50%
Johnny Nitro
50%
No matching quizzes found
Score Distribution
Percent of People with Each Score
Percentile by Number Answered
Your Score History
You have not taken this quiz